Chargement en cours...

Human generation : Conclusions of Burdach, Dollinger and VonBaer /

Détails bibliographiques
Auteur principal: Meyer, Arthur William
Langue:Undetermined
Publié: 1956.
LEADER 00411nam a2200121Ia 4500
001 27544
008 170722s9999 xx 000 0 und d
100 |a Meyer, Arthur William 
245 |a Human generation :  |b Conclusions of Burdach, Dollinger and VonBaer / 
260 |c 1956. 
942 |c GEN 
999 |c 52800  |d 52800 
952 |0 0  |1 0  |4 0  |6 L_9BXL_J6  |7 0  |8 CR  |9 75064  |a LIB  |b LIB  |d 2017-08-12  |h CR  |o L9BxL J6  |p 71626  |r 2017-08-12  |w 2017-08-12  |y GEN